Kareli ve Küplü Şeylerin Serüveni (Record no. 644465)
[ view plain ]
| 000 -LEADER | |
|---|---|
| sabit uzunluktaki kontrol alanı | 00277nam a2200097Ia 4500 |
| 001 - KONTROL NUMARASI | |
| kontrol alanı | 644465 |
| 005 - EN SON İŞLEMİN TARİH VE ZAMANI | |
| kontrol alanı | 20250826153605.0 |
| 008 - SABİT-UZUNLUKTA VERİ ÖĞELERİ--GENEL BİLGİ | |
| sabit uzunluktaki kontrol alanı | 250824s9999 xx 000 0 und d |
| 245 #0 - ESER / YAZAR | |
| ESER ADI | Kareli ve Küplü Şeylerin Serüveni |
| Yazar Adı | Şahin Koçak, Vakıf Cafer |
| 260 ## - YAYIN, DAĞITIM, VB. | |
| YAYIN EVİ | TÜBİTAK YAYINLARI |
| Düşüm durumu | Kayıp durumu | Hasar Durumu | Ödünç verilmez | Ana kütüphane | Geçerli Kütüphane | Edinilen tarih | Toplam ödünç verme sayısı | Barkod | Son görüntüleme tarihi | Fiyatın geçerli olmaya başladığı tarih | Koha materyal türü |
|---|---|---|---|---|---|---|---|---|---|---|---|
| AKINCILAR AHMET HAŞHAŞ İLKOKULU | AKINCILAR AHMET HAŞHAŞ İLKOKULU | 24.08.2025 | 10042148 | 26.08.2025 | 26.08.2025 | Books |